Comedia de "El herrador" del azote de principes y gran demostrador de vicios y virtudes / (Record no. 26087)

MARC details
000 -LEADER
campo de control de longitud fija 00808nam a2200205 i 4500
001 - NÚMERO DE CONTROL
campo de control 26087
003 - IDENTIFICADOR DE NÚMERO DE CONTROL
campo de control ES-MaACL
005 - FECHA Y HORA DE LA ÚLTIMA TRANSACCIÓN
campo de control 20260115063026.0
007 - CAMPO FIJO DE DESCRIPCIÓN FÍSICA--INFORMACIÓN GENERAL
campo de control de longitud fija t|
008 - DATOS DE LONGITUD FIJA--INFORMACIÓN GENERAL
campo de control de longitud fija 030107s1908 sp ||||1| spa d
100 1# - ENTRADA PRINCIPAL--NOMBRE DE PERSONA
Nombre de persona Aretino, Pietro,
Fechas asociadas al nombre 1492-1556
9 (RLIN) 22651
245 10 - MENCIÓN DEL TÍTULO
Título Comedia de "El herrador" del azote de principes y gran demostrador de vicios y virtudes /
Mención de responsabilidad, etc. Pietro Aretino ; ahora por primera vez puesta de la lengua toscana en castellano por Joaquín López Barbadillo.
260 ## - PUBLICACIÓN, DISTRIBUCIÓN, ETC.
Lugar de publicación, distribución, etc. Madrid :
Nombre del editor, distribuidor, etc. [s.n.,
Fecha de publicación, distribución, etc. 1908] (
Fabricante Tip. de Archivos)
300 ## - DESCRIPCIÓN FÍSICA
Extensión 238 p. ;
Dimensiones 19 cm.
490 1# - MENCIÓN DE SERIE
Mención de serie Colección clásica de obras picarescas
700 1# - ENTRADA AGREGADA--NOMBRE PERSONAL
Nombre de persona López Barbadillo, Joaquín.
9 (RLIN) 73441
830 0# - PUNTO DE ACCESO ADICIONAL DE SERIE-TÍTULO UNIFORME
Título uniforme Colección clásica de obras picarescas
9 (RLIN) 187065
852 ## - LOCALIZACIÓN
Ubicación ES-MaACL
Número de control de estantería A-3944
Holdings
Estatus retirado Estado de pérdida Estado de daño No para préstamo Biblioteca de origen Biblioteca actual Ubicación en estantería Fecha de adquisición Fuente de adquisición Total de préstamos Signatura topográfica completa Código de barras Visto por última vez Precio de reemplazo Tipo de ítem Koha
        Biblioteca del Ateneo de Madrid Biblioteca del Ateneo de Madrid Sala Pecera Planta 1 17/01/2008     A-3944 1026922 23/02/2023 23/02/2023 Libro impreso